| 000 | 03078cam a22005654i 4500 | ||
|---|---|---|---|
| 003 | PE-LiUPU | ||
| 005 | 20250731172907.0 | ||
| 008 | 170202s2014 cau r 000 0 spa d | ||
| 020 | _a9877011689 | ||
| 020 | _a9789877011685 | ||
| 035 | _a(Sirsi) a166695 | ||
| 040 |
_aPE-LiUPU _bspa _cPE-LiUPU _erda |
||
| 049 | _aPRUA | ||
| 050 |
_aBX _a6122 _a.S36 _aT74 _aS18 _av.4 |
||
| 082 | 0 | 4 |
_a300.6732 _bT79 _221 |
| 082 | 0 | 4 |
_a300.6732 _bT79 _221 |
| 100 | 1 |
_aTreiyer, Alberto R., _eautor. |
|
| 245 | 1 | 4 |
_aLos tiempos apocalípticos del Santuario : _bconfirmación bíblica, histórica y astrnónomica / _ Alberto R. Treiyer. |
| 250 | _aPrimera edición. | ||
| 264 | 1 |
_aFlorida : _bAsociación Casa Editora Sudamerica, _c2014. |
|
| 300 |
_a370 páginas ; _c23 centímetros |
||
| 336 |
_atext _2rdacontent |
||
| 337 |
_aunmediated _2rdamedia |
||
| 338 |
_avolume _2rdacarrier |
||
| 505 | 0 | _aLa medición del tiempo -- Las fiestas inaugurales de cosecha en la primavera -- Las fiestas finales del otoño -- Pronósticos matemáticos que no fallan -- La cronología apocalíptica del santuario del nuevo pacto -- Cumplimiento inaugural -- La abominación espantosa que reemplaza la interseción celestial -- La impostura sacralizada y el castigo divino 237 -- El triunfo final y eterno del gobierno divino 291 -- Programa divino para el tiempo del fin. | |
| 526 | _aSEG42 | ||
| 526 | _aSEG41 | ||
| 526 | _aSEG40 | ||
| 526 | _aSEG39 | ||
| 526 | _aP94 | ||
| 526 | _aP87 | ||
| 526 | _aP86 | ||
| 526 | _aP85 | ||
| 526 | _aP77 | ||
| 526 | _aP76 | ||
| 526 | _aP35 | ||
| 541 | _g0800-0000074; | ||
| 650 | 1 | 4 | _aDoctrina del santuario (adventistas del séptimo día). |
| 910 |
_ajck _bncf _cncf _d20170202 |
||
| 596 | _a1 4 | ||
| 942 |
_2ddc _cBOOK |
||
| 999 |
_a220.15 T79 _wDEWEY _c15429 _i75338 _d15429 _e2019-7-21 _f2021-11-9 _g5 _lCCODEBUL1 _mBUL _n2 _p12.22 _q1 _r0 _sY _tBOOK _u2017-2-2 _xTEOLOGIA _PP35 _0COMPRA _o.STAFF. Colección Teologia |
||
| 999 |
_a220.15 T79 _wDEWEY _c2 _i75339 _d2019-4-25 _e2019-4-25 _f2021-11-9 _g5 _lCCODEBUL1 _mBUL _n3 _p12.22 _q1 _r0 _sY _tBOOK _u2017-2-2 _xTEOLOGIA _PP35 _0COMPRA _o.STAFF. Colección Teologia |
||
| 999 |
_a220.15 T79 _wDEWEY _c3 _i75340 _d2022-6-27 _e2019-4-25 _f2021-11-9 _g5 _lCCODEBUL1 _mBUL _n4 _p12.22 _q8 _r0 _sY _tBOOK _u2017-2-2 _xTEOLOGIA _PP35 _0COMPRA _o.STAFF. Colección Teologia |
||
| 999 |
_a230.6732 T79 V4 2014 _wDEWEY _c1 _iCW00218 _f2021-12-22 _g2 _lCCODECWL1 _mBWL _p20.00 _r0 _sY _tBOOK _u2018-2-7 _xWHITE _zUNKNOWN _0COMPRA _o.STAFF. Centro White |
||
| 999 |
_a230.6732 T79 V4 2014 _wDEWEY _c2 _iCW00233 _f2021-12-22 _g2 _lCCODECWL1 _mBWL _p20.00 _r0 _sY _tBOOK _u2018-2-7 _xWHITE _zUNKNOWN _0COMPRA _o.STAFF. Centro White |
||
| 999 |
_a230.6732 T79 V4 2014 _wDEWEY _c3 _iCW00130 _f2021-12-22 _g2 _lCCODECWL1 _mBWL _p20.00 _r0 _sY _tBOOK _u2018-2-7 _xWHITE _zUNKNOWN _0COMPRA _o.STAFF. Centro White |
||
| 999 |
_a230.6732 T79 V4 2014 _wDEWEY _c4 _iCW00313 _mBWL _r0 _sY _tBOOK _u2018-2-7 _xWHITE _zUNKNOWN _0COMPRA |
||
| 980 |
_81 _gALBERTO SANCHEZ Responsable de Automatización |
||